00000000nam 2200000zi 4500
0019.946655
003CaOODSP
00520250109102111
006m     o  d f      
007cr |n|||||||||
008250109e20240802onc     ob   f000 0 fre d
040 |aCaOODSP|bfre|erda|cCaOODSP
043 |an-cn---
0861 |aYM32-3/441-C71F-PDF
1001 |aKachulis, Eleni, |eauteur.
24510|aProjet de Loi C-71 : |bLoi modifiant la Loi sur la citoyenneté (2024) / |cEleni Kachulis et Mayra Perez-Leclerc.
24617|aRésumé législative du projet de Loi C-71 : |bLoi modifiant la Loi sur la citoyenneté (2024)
250 |aVersion préliminaire non révisée.
264 1|aOttawa, Canada : |bBibliothèque du Parlement = Library of Parliament, |c2 août 2024.
264 4|c©2024
300 |a1 ressource en ligne (i, 12 pages).
336 |atexte|btxt|2rdacontent/fre
337 |ainformatique|bc|2rdamedia/fre
338 |aressource en ligne|bcr|2rdacarrier/fre
4901 |aRésumé législatif ; |vn° 44-1-C71-F
500 |aPublié aussi en anglais sous le titre : Bill C-71: an Act to amend the Citizenship Act (2024).
500 |aTitre de la couverture.
500 |a« Recherche et éducation. »
504 |aComprend des références bibliographiques (pages 11-12).
61016|aCanada. |tLoi sur la citoyenneté.
650 6|aCitoyenneté|zCanada.
7101 |aCanada. |bBibliothèque du Parlement, |eorganisme de publication.
7101 |aCanada. |bService d'information et de recherche parlementaires, |eorganisme de publication.
77508|tBill C-71 : |w(CaOODSP)9.946654
830#0|aRésumé législatif (Canada. Service d'information et de recherche parlementaires)|vn° 44-1-C71-F.|w(CaOODSP)9.501179
85640|qPDF|s535 Ko|uhttps://publications.gc.ca/collections/collection_2025/bdp-lop/ls/YM32-3-441-C71-fra.pdf